Wybrane stolice Europy #2 - Statystyki

Ogólne statystyki
  • Ten quiz został rozwiązany 28 razy
  • Średni wynik to 12 z 14
Odpowiedzi na mapie
Odpowiedzi zakodowano w zielono-czerwonej skali na mapie do tego quizu, zgodnie z poniższymi procentami.
 
Statystyki odpowiedzi
Państwo Stolica % Poprawnych
Norwegia Oslo
95%
Holandia Amsterdam
90%
Grecja Ateny
90%
Dania Kopenhaga
90%
Wielka Brytania Londyn
90%
Czechy Praga
90%
Belgia Bruksela
85%
Białoruś Mińsk
85%
Szwecja Sztokholm
85%
Finlandia Helsinki
80%
Portugalia Lizbona
80%
Litwa Wilno
80%
Słowacja Bratysława
75%
Estonia Tallinn
70%
Nie znaleziono quizów pasujących do podanych kryteriów
Rozkład punktacji
Procent ludzi z każdym wynikiem
Percentyl według liczby udzielonych odpowiedzi
Twoja historia wyników
Nie rozwiązałeś tego quizu